Business economics 1

Bibliographic Details
Main Authors: Klement, Ladislav, 1980- (Author), Klementová, Vladimíra, 1980- (Author)
Format: Book
Language:English
PhysicalDescription:103 strán grafy, ilustrácie 30 cm
Published: Banská Bystrica Belianum 2020
ISBN:9788055717883
Series:Ekonomická fakulta
Subjects:

MARC

LEADER 00000cam a2200000 4500
001 vtls012020728
003 SK-MaSNL
005 20260301091646.0
008 210406s2020 xo dal frnp 000 0 eng
015 |a SNBA2021/08 
020 |a 9788055717883  |q (brožované) 
040 |a SNK  |b slo  |c SNK  |e rda 
041 0 |a eng 
044 |a xo  |c SK 
072 7 |a 658  |x Riadenie a správa podniku  |2 konspekt 
080 |a 658  |2 2011 
080 |a 658.14/.17  |2 2011 
080 |a 658.153  |2 2011 
080 |a 658.114-051  |2 2011 
080 |a (075.8)  |2 2011 
100 1 |a Klement, Ladislav,  |d 1980-  |4 aut  |9 201402 
245 1 0 |a Business economics 1  |c Ladislav Klement, Vladimíra Klementová 
264 1 |a Banská Bystrica  |b Belianum  |c 2020 
300 |a 103 strán  |b grafy, ilustrácie  |c 30 cm 
336 |a text  |b txt  |2 rdacontent 
337 |a bez média  |b n  |2 rdamedia 
338 |a zväzok  |b nc  |2 rdacarrier 
366 |e 100 kusov 
490 1 |a Ekonomická fakulta 
504 |a Obsahuje bibliografické odkazy 
650 0 7 |a podniková ekonomika  |2 SNKPH  |9 3955 
650 0 7 |a podnikové hospodárstvo  |2 SNKPH  |9 78209 
650 0 7 |a podnikové financie  |2 SNKPH  |9 4308 
650 0 7 |a finančné aktíva  |2 SNKPH  |9 421268 
650 0 7 |a podnikatelia  |2 SNKPH  |9 1756 
650 0 7 |a Managerial economics  |2 SNKPHeng  |9 267336 
650 0 7 |a Business finance  |2 SNKPHeng  |9 302700 
650 0 7 |a Businessmen  |2 SNKPHeng  |9 275440 
655 7 |a učebnice vysokých škôl  |2 SNKPH  |9 70191 
655 7 |a Textbooks (higher)  |2 SNKPHeng  |9 276436 
700 1 |a Klementová, Vladimíra,  |d 1980-  |4 aut  |9 201416 
710 2 |a Univerzita Mateja Bela v Banskej Bystrici.  |b Vydavateľstvo Belianum  |4 pbl  |9 209059 
710 2 |a Univerzita Mateja Bela v Banskej Bystrici.  |b Ekonomická fakulta  |4 pbl 
810 2 |a Univerzita Mateja Bela v Banskej Bystrici.  |t Ekonomická fakulta 
852 |a Štátna vedecká knižnica v Banskej Bystrici 
919 |a 978-80-557-1788-3 
958 |a NB 
999 |c 671817  |d 673747 
952 |a SNK  |b SNK  |y PREZ  |7 0  |p 17A1456177  |o snkSB 96883  |i snk2021/9480  |8 0  |0 0  |1 0  |4 0  |d 2021-07-29  |f 1  |l 0  |r 2025-05-19 00:00:00  |w 2026-02-23 
952 |a SNK  |b SNK  |y VYP  |7 0  |p 17A1456178  |o snkSB 96883 D1  |i snk2021/9482  |8 0  |0 0  |1 0  |4 0  |d 2021-07-29  |l 0  |r 2026-02-23 19:29:36  |w 2026-02-23